Statistiche per I Numeri Ordinali (1° Fino a 1,000,000°)

Clicka qui per fare il quiz!

Statistiche generali

  • Questo quiz è stato fatto 248 volte
    (216 dall'ultimo reset)
  • Il punteggio medio è 24 su 26

Statistiche sulle risposte

1° Casella2° Casella% Corretto
11thundicesimo
99%
12thdodicesimo
98%
13thtredicesimo
98%
20thventesimo
97%
30thtrentesimo
96%
50thcinquantesimo
95%
80thottantesimo
95%
40thquarantesimo
95%
60thsessantesimo
95%
70thsettantesimo
95%
36thtrenta seiesimo
95%
100thcentesimo
94%
90thnovantesimo
94%
200thduecentesimo
93%
300thtrecentesimo
93%
500thcinquecentesimo
92%
99thnovanta novesimo
92%
900thnovecentesimo
92%
800thottocentesimo
92%
400thquattrocentesimo
92%
600thseicentesimo
92%
700thsettecentesimo
92%
1,000thmillesimo
91%
10,000thdiecimillesimo
89%
100,000thcentomillesimo
88%
1,000,000thmillionesimo
62%

Distribuzione punteggi

Percentile per numero di risposta

Percentuale di utenti per punteggio

I tuoi punteggi nel tempo

Non hai fatto questo quiz dall'ultimo reset